Holiday Quiz

Random Holiday or Country Quiz

☽ Best Cities for Trick-or-Treating ☾ Quiz Stats

 Plays Quiz not verified by Sporcle

Score 0/41 Timer 10:00
0 Plays Today
Country City % Correct
U.S. CitiesNew York
93.1%
U.S. CitiesLos Angeles-Long Beach-Santa Ana
85.5%
Canadian CitiesToronto (GTA)
84.3%
U.S. CitiesPortland-Vancouver-Beaverton, OR-WA
82.6%
U.S. CitiesChicago
78.1%
Canadian CitiesVancouver
77.5%
U.S. CitiesBoston
75.2%
Canadian CitiesMontreal
74%
U.S. CitiesSan Francisco-Oakland-Fremont
73.7%
U.S. CitiesSeattle-Tacoma-Bellevue
72.6%
Canadian CitiesOttawa-Gatineau
65.5%
U.S. CitiesPhiladelphia-Camden-Wilmington
63.3%
U.S. CitiesWashington
61.6%
U.S. CitiesSan Diego-Carlsbad-San Marcos
61.1%
Canadian CitiesQuebec City
58.4%
Canadian CitiesCalgary
55.6%
Canadian CitiesEdmonton
51.3%
U.S. CitiesMinneapolis-St. Paul
49.5%
U.S. CitiesBaltimore
46.8%
Canadian CitiesWinnipeg
42.6%
Canadian CitiesHalifax
39.8%
Country City % Correct
U.S. CitiesMilwaukee-Waukesha-West Allis
37.2%
U.S. CitiesSan Jose-Sunnyvale-Santa Clara
35.9%
Canadian CitiesRegina
33%
Canadian CitiesSaskatoon
31.8%
Canadian CitiesVictoria
31.7%
Canadian CitiesLondon
26.6%
U.S. CitiesHonolulu
26.1%
Canadian CitiesHamilton
26.1%
Canadian CitiesWindsor
23.8%
Canadian CitiesKitchener
16%
U.S. CitiesTrenton-Ewing, NJ
14.2%
Canadian CitiesKingston
14.2%
U.S. CitiesBridgeport-Stamford, CT
10.4%
Canadian CitiesBarrie
10.1%
Canadian CitiesGuelph
9.3%
U.S. CitiesAnn Arbor, MI
8.3%
Canadian CitiesOshawa
7.9%
U.S. CitiesBoulder, CO
7.8%
Canadian CitiesPeterborough
5.5%
U.S. CitiesLancaster, PA
2.2%

You're not logged in!

Compare scores with friends on all Sporcle quizzes.
OR
Log In

Show Comments

Extras

Top Quizzes Today


Score Distribution

Your Account Isn't Verified!

In order to create a playlist on Sporcle, you need to verify the email address you used during registration. Go to your Sporcle Settings to finish the process.

Report this User

Report this user for behavior that violates our Community Guidelines.

Details: